Normal view
MARC view
- MOHAMMAD AWAIS MUHAMMAD ANEES KHAN RAJAB ALI
Entry Personal Name
001 - CONTROL NUMBER
- control field: 97795
003 - CONTROL NUMBER IDENTIFIER
- control field: NUST
005 - DATE AND TIME OF LATEST TRANSACTION
- control field: 20220817130734.0
008 - FIXED-LENGTH DATA ELEMENTS
- fixed length control field: 220817|| aca||aabn | a|a d
040 ## - CATALOGING SOURCE
- Original cataloging agency: NUST
- Transcribing agency: NUST
100 ## - HEADING--PERSONAL NAME
- Personal name: MOHAMMAD AWAIS MUHAMMAD ANEES KHAN RAJAB ALI
670 ## - SOURCE DATA FOUND
- Source citation: Work cat.: (NUST): MOHAMMAD AWAIS MUHAMMAD ANEES KHAN RAJAB ALI , PR-SOF-2119-Intelligent Glove, 2022.
